The mouse and the lion = (Record no. 21796)

000 -LEADER
fixed length control field 00474nam a22001457a 4500
003 - CONTROL NUMBER IDENTIFIER
control field OSt
005 - DATE AND TIME OF LATEST TRANSACTION
control field 20260127133925.0
008 - FIXED-LENGTH DATA ELEMENTS--GENERAL INFORMATION
fixed length control field 260122t2022 xxua|||| |||| 00| 0 eng d
040 ## - CATALOGING SOURCE
Transcribing agency csu
100 ## - MAIN ENTRY--PERSONAL NAME
Personal name Agbayani-Pastor, Boots S.
Relator term author.
245 ## - TITLE STATEMENT
Title The mouse and the lion =
Statement of responsibility, etc Boots S. Agbayani-Pastor.
Remainder of title ang ldaga at ang leon /
260 ## - PUBLICATION, DISTRIBUTION, ETC. (IMPRINT)
Place of publication, distribution, etc Quezon City, Philippines:
Name of publisher, distributor, etc Lampara Publishing House, Inc.,
Date of publication, distribution, etc c2022.
300 ## - PHYSICAL DESCRIPTION
Extent 16 pages :
Other physical details color illustrations.
942 ## - ADDED ENTRY ELEMENTS (KOHA)
Source of classification or shelving scheme
Koha item type Books
Holdings
Price effective from Permanent Location Date last seen Not for loan Date acquired Source of classification or shelving scheme Koha item type Lost status Withdrawn status Copy number Source of acquisition Materials specified (bound volume or other part) Collection code Damaged status Barcode Shelving location Current Location Full call number
2026-01-22Cagayan State University - Carig Library2026-01-22 2026-01-22 Books  1Donations2026-01-22Children Section C001005Children SectionCagayan State University - Carig LibraryCS C1005 T3741 2022
2026-01-22Cagayan State University - Carig Library2026-01-26 2026-01-26 Books  2Donations2026-01-22Children Section C001015Children SectionCagayan State University - Carig LibraryCS C1015 T3741 2022

Cagayan State University University Library, Carig Campus
Tuguegarao City, Cagayan 3500 | www.csucarig.edu.ph

Powered by Koha